000 00848nam a2200277Ia 4500
003 OSt
005 20221006153155.0
006 a|||||r|||| 00| 0
007 ta
008 221006b |||||||| |||| 00| 0 eng d
020 _a0080199364
024 _a31,493
037 _bGift, Donated By Prof. Sonoko Hijikata
_cTextual
040 _aEASL
_cEASL
_beng
041 _2eng
_aeng
082 _aT.42.N7, L6
100 _aKobayashi Tetsuya Au.
_9662718
245 0 _aSociety, schools, and progress in Japan
260 _aOxford
_bPergamon Press
_c1976
300 _a184p.
_ccm.
490 _v JEL
_aSociety, Schools, and Progress Series
650 _a JEL
650 _aEducation-Japan
_9643490
942 _hT.42.N7, L6
_cTEXL
_2CC
999 _c1099579
_d1099579